| 000 | 01770nam a2200409 i 4500 | ||
|---|---|---|---|
| 001 | 197652 | ||
| 003 | ES-MaACL | ||
| 005 | 20250824063104.0 | ||
| 008 | 250612s2008 sp a | ||||o010 0 spa | ||
| 015 | _aMON07 | ||
| 017 |
_aC 3077-2008 _bOficina Depósito Legal Coruña |
||
| 020 | _a9788469151396 | ||
| 035 | _a(OCoLC)434337591 | ||
| 035 | _a(SpMaBN)a4402674 | ||
| 040 |
_aSpMaBN _bspa _cSpMaBN _erdc |
||
| 080 | _a929 Valiña Sampedro, Elías | ||
| 080 | _a248.153.8(460.111 Santiago)"19"(082.2) | ||
| 080 | _a27(460.113 Cebreiro)"19"(082.2) | ||
| 245 | 0 | 0 |
_aElías Valiña: _bel renacimiento del Camino |
| 260 |
_a[Santiago de Compostela] : _bS.A. de Xestión do Plan Xacobeo, _c[2007]. |
||
| 300 |
_a230 páginas : _bilustrado blanco y negro ; _c22 cm. |
||
| 336 |
_2rdacontent _atexto |
||
| 337 |
_2rdamedia _asin mediación |
||
| 338 |
_2rdacarrier _avolumen |
||
| 500 | _a"Conmemora el veinte aniversario del I Congreso Internacional de Asociaciones Jacobeas celebrado en Jaca en 1987"--Verso de portada | ||
| 504 | _aBibliografía: páginas [225]-229 | ||
| 600 | 0 |
_aValiña Sampedro, Elías- _vHomenajes _2embne _9241040 |
|
| 650 | 7 |
_aPeregrinaciones cristianas _zSantiago de Compostela _yS.XX _2embne _9241041 |
|
| 651 | 0 |
_aO Cebreiro (Santa María)- _xHistoria eclesiástica _2embne _9241042 |
|
| 700 | 1 |
_aValiña Sampedro, Elías _9112704 _eive |
|
| 852 |
_aES-MaACL _cDEPOJ _jN-10544 _hDonación: José Lázaro García _xEncuadernación rústica con solapas _9206667 |
||
| 903 |
_9234219 _aLázaro García, José _ednr |
||
| 942 |
_cMONOGRAFIA _n0 |
||
| 999 |
_c197652 _d197652 |
||